Statistiken für Allgemeinwissen der Geschichte #4

Klicken Sie hier um das Quiz zu spielen!

Allgemein

  • Dieses Quiz wurde 5.727 mal gespielt
  • Das Durchschnittsergebnis liegt bei 10 aus 20

Antwortstatistiken

FrageAntwort% Korrekt
Wer malte die Decke der Sixtinischen Kapelle?Michelangelo
80%
Welche Pariserin war die erste, die mehrere Nobelpreise gewann?Marie Curie
73%
Welches Land leugnet immer noch die Ermordung von über 1 Million Armeniern 1915?Türkei
71%
Welche weiße Pflanze war sehr wichtig in den US-Südstaaten?Baumwolle
70%
Was trugen die Männer des 18. Jh. oft, das gepudert und weiß war?Perücke
69%
Was benutzten die römischen Kaiser, um die einfachen Leute zu besänftigen?{Brot} und Spiele
67%
Unter welchem Namen ist Wladimir Iljitsch Uljanow besser bekannt?Wladimir Lenin
66%
Welcher große Franke wurde am Weihnachtstag 800 n.Chr. zum Kaiser gekrönt?Karl der Große
60%
Welche Stadt hatte einen liberalen "Frühling" 1968, der durch sowjetische
Panzer beendet wurde?
Prag
53%
Welche Krankheit wurde 1979 ausgerottet?Pocken
49%
Welche Stadt war früher als Edo bekannt?Tokio
49%
Welches antike Reich hatte Hauptstädte in Memphis und Theben?Ägypten
48%
Wer "erfand" den Hängegleiter, den Fallschirm und den Tauchanzug?Leonardo da Vinci
46%
Was ist der Name für einen Wikingerkrieger, der in unkontrollierbarer Wut keine Schmerzen mehr wahrnahm?Berserker
40%
Wer war US-Präsident während des 1. Weltkrieges?Woodrow Wilson
34%
Welches Land war historisch als Abessinien bekannt?Äthiopien
33%
Wer war die First Lady der USA 1933-1945?{Eleanor} Roosevelt
29%
Welches pakistanische Flusstal war Heimat einer der entwickeltsten
Zivilisationen im Jahre 2000 v. Chr.?
Industal
22%
In welche Verschwörung war Guy Fawkes involviert?{Pulver}verschwörung
14%
In welchem Theater wurde Abraham Lincoln erschossen?Ford's Theatre
13%

Verteilung der Resultate

Perzentil nach korrekt beantworteten Fragen

Anzahl Personen mit jedem Resultat

Ihre Resultats-Entwicklung

Sie haben dieses Quiz noch nicht gespielt